Caricamento...

Toru Dutt : collected prose and poetry.

Dettagli Bibliografici
Autore principale: Toru Dutt
Natura: Printed Book
Pubblicazione: New Delhi : Oxford University Press, 2006.
Serie:Biographies of eminent Indians
Soggetti:
LEADER 00551cam a2200169Ma 4500
020 |a 0195666682 
082 |a 820  |b DUT 
100 |a Toru Dutt 
245 0 0 |a Toru Dutt :  |b collected prose and poetry. 
260 |a New Delhi :  |b Oxford University Press,  |c 2006. 
300 |a 44 p. ; 
490 1 |a Biographies of eminent Indians 
500 |a Cover title. 
650 |a Literature-English 
942 |c BK 
999 |c 100251  |d 100251 
952 |0 0  |1 0  |4 0  |6 820_000000000000000_DUT  |7 0  |9 93571  |a SSS  |b SSS  |c LIT  |d 2012-04-03  |g 650.00  |l 0  |o 820 DUT  |p SSS05608  |r 2012-04-03  |w 2012-04-03  |y BK